000 00531nam a2200181 a 4500
005 20140310183332.0
008 060822s19uu xx 00 eng d
020 _a1855349620
050 _aPC 4640
_b.Sp735 2002
245 _aSpanish-English, English-Spanish dictionary /
260 _aScotland :
_bGeddes & Grosset,
_c2002.
300 _a480 p. :
_c24 cm.
650 _aSpanish language
_xDictionaries
_xEnglish.
650 _aEnglish language
_xDictionaries
_xSpanish.
942 _cBK
_2lcc
999 _c21583
_d21583